Shōwa 34-nen no shimin keizai : (Record no. 35077)
[ view plain ]
| 000 -LEADER | |
|---|---|
| fixed length control field | 01157cam a2200301 i 4500 |
| 001 - CONTROL NUMBER | |
| control field | j 66000897 |
| 003 - CONTROL NUMBER IDENTIFIER | |
| control field | DLC |
| 005 - DATE AND TIME OF LATEST TRANSACTION | |
| control field | 20260227111521.0 |
| 008 - FIXED-LENGTH DATA ELEMENTS--GENERAL INFORMATION | |
| fixed length control field | 990713s1961 ja a l000 0 jpn |
| 010 ## - LIBRARY OF CONGRESS CONTROL NUMBER | |
| LC control number | j 66000897 |
| 035 ## - SYSTEM CONTROL NUMBER | |
| System control number | (CStRLIN)DCLP99-B8711 |
| 040 ## - CATALOGING SOURCE | |
| Original cataloging agency | DLC |
| Transcribing agency | DLC-R |
| Modifying agency | DLC-R |
| -- | DLC |
| 050 00 - LIBRARY OF CONGRESS CALL NUMBER | |
| Classification number | HC463.O9 |
| Item number | A5 |
| 066 ## - CHARACTER SETS PRESENT | |
| Alternate G0 or G1 character set | $1 |
| 110 1# - MAIN ENTRY--CORPORATE NAME | |
| Linkage | 880-01 |
| Corporate name or jurisdiction name as entry element | Owase-shi (Japan). |
| Subordinate unit | Shiyakusho. |
| 245 10 - TITLE STATEMENT | |
| Linkage | 880-02 |
| Title | Shōwa 34-nen no shimin keizai : |
| Remainder of title | shimin shotoku suikei o chūshi ni shite. |
| 260 ## - PUBLICATION, DISTRIBUTION, ETC. | |
| Linkage | 880-03 |
| Place of publication, distribution, etc. | [Owase] : |
| Name of publisher, distributor, etc. | Mie-ken Owase Shiyakusho, |
| Date of publication, distribution, etc. | 1961. |
| 300 ## - PHYSICAL DESCRIPTION | |
| Extent | 86 p. : |
| Other physical details | ill. ; |
| Dimensions | 26 cm. |
| 500 ## - GENERAL NOTE | |
| General note | Cover title. |
| 500 ## - GENERAL NOTE | |
| General note | In colophon: Hakkō sekininsha Owase-shi Shōkō Suisanka. |
| 650 #0 - SUBJECT ADDED ENTRY--TOPICAL TERM | |
| Topical term or geographic name entry element | Income |
| Geographic subdivision | Owase-shi (Japan) |
| 650 #0 - SUBJECT ADDED ENTRY--TOPICAL TERM | |
| Topical term or geographic name entry element | Cost and standard of living |
| Geographic subdivision | Owase-shi (Japan) |
| 710 1# - ADDED ENTRY--CORPORATE NAME | |
| Linkage | 880-04 |
| Corporate name or jurisdiction name as entry element | Owase-shi (Japan). |
| Subordinate unit | Shōkō Suisanka. |
| 880 1# - ALTERNATE GRAPHIC REPRESENTATION | |
| Linkage | 110-01/$1 |
| a | 尾鷲市 (Japan). |
| b | 市役所. |
| 880 10 - ALTERNATE GRAPHIC REPRESENTATION | |
| Linkage | 245-02/$1 |
| a | 昭和 34年の市民経済 : |
| b | 市民所得推計を中心にして. |
| 880 ## - ALTERNATE GRAPHIC REPRESENTATION | |
| Linkage | 260-03/$1 |
| a | [尾鷲] : |
| b | 三重県尾鷲市役所, |
| c | 1961. |
| 880 1# - ALTERNATE GRAPHIC REPRESENTATION | |
| Linkage | 710-04/$1 |
| a | 尾鷲市 (Japan). |
| b | 商工水産課. |
No items available.